[Event "36th Mitropa Cup Open 2018"]
[Site "Isola Capo Rizzuto"]
[Date "2018.06.07"]
[Round "7"]
[White "Hracek, Zbynek"]
[Black "Kuljasevic, Davorin"]
[Result "1/2-1/2"]
[WhiteElo "2575"]
[BlackElo "2543"]
[Annotator "TA"]
[PlyCount "133"]
[EventDate "2018.05.31"]
[EventType "team-tourn"]
[EventCountry "ITA"]
[SourceTitle "playchess.com"]
[Source "ChessBase"]
[SourceQuality "1"]
[WhiteTeam "Czech Republic"]
[BlackTeam "Croatia"]
[WhiteTeamCountry "CZE"]
[BlackTeamCountry "CRO"]

{[%evp 32,132,10,7,3,0,19,7,10,6,50,32,71,68,51,62,56,56,92,84,92,70,69,69,71,69,111,101,95,101,101,68,77,66,87,87,89,87,93,70,91,91,91,91,139,91,91,91,91,91,91,91,91,91,91,91,91,91,91,64,64,64,64,64,64,64,64,64,64,64,64,64,64,64,64,64,64,8,8,8,28,28,41,41,57,72,74,74,74,8,8,8,8,8,8,8,57,0,0,0,0,0,0]} 1. e4 e5 2. Nf3 Nc6 3. Bb5 a6 4. Ba4 Nf6 5. O-O Be7 6. d3 b5 7. Bb3 d6 8. c3 O-O 9. Re1 Na5 10. Bc2 c5 11. Nbd2 Nc6 12. Nf1 h6 13. Ne3 {C90: Closed Ruy Lopez with 7...d6: Early deviations} Be6 14. d4 cxd4 15. cxd4 exd4 16. Nxd4 Nxd4 17. Qxd4 {LiveBook: 9 Games} Nd7 18. Nd5 Bxd5 19. Qxd5 Rc8 20. Bb3 {[#]} Nb6 $146 ({Predecessor:} 20... Nc5) 21. Qb7 Nc4 22. Qxa6 Qd7 {And now ...Ra8 would win.} 23. Bxc4 $1 Rxc4 24. b3 $1 {[%cal Rb3c4]} Rc2 {[#]} 25. Be3 $1 Rfc8 26. a4 bxa4 27. bxa4 Bf6 28. Rac1 Bg5 29. Rxc2 Rxc2 30. Bxg5 hxg5 $16 {[%mdl 4096] Endgame KQR-KQR} 31. Ra1 Qd8 32. Rf1 Qc7 33. Qa8+ Kh7 34. Qd5 Rc5 35. Qa2 Kg8 36. h3 Rc2 37. Qd5 Qa7 38. Qxd6 Qxa4 39. Qd8+ Kh7 40. e5 Kg6 41. Qd3+ Kh6 42. Qf5 Re2 43. Qxf7 {[#] Strongly threatening Qe6+.} Qf4 44. e6 Qe4 45. g4 {[%csl Gg4][%cal Rf7h5]} Qg6 46. Rc1 Rxe6 47. Qg8 (47. Qf3 {keeps more tension.} Qe4 48. Qxe4 Rxe4 49. Rc6+ Kh7 50. Kg2) 47... Qe8 48. Qxe8 Rxe8 $14 {KR-KR} 49. Rc6+ Kh7 50. Kg2 Re7 51. Kg3 Rf7 52. Rc3 Kg6 53. Rf3 {Threatens to win with Rxf7.} Ra7 54. h4 ({Better is} 54. Re3 $14) 54... gxh4+ $11 55. Kxh4 Ra5 56. Rb3 Rc5 57. f4 {[%cal Bf2f4,Bf4f5][%mdl 32]} Kh7 58. f5 Rc6 59. g5 Rc4+ 60. Kh5 (60. Kg3 $16) 60... g6+ $1 61. fxg6+ Kg7 62. Rb7+ Kg8 63. g7 Kh7 64. g6+ ({White should play} 64. Ra7 $14) 64... Kg8 {The position is equal.} 65. Kh6 {Threatening mate with Rb8+.} Rh4+ 66. Kg5 {White threatens Rb8+ and mate.} Rg4+ 67. Kxg4 $2 {[%mdl 8192] Precision: White = 61%, Black = 59%.} (67. Kf5 Rg5+ 68. Kf6 Rxg6+ 69. Kf5) 1/2-1/2

[Event "36th Mitropa Cup Open 2018"]
[Site "Isola Capo Rizzuto"]
[Date "2018.06.07"]
[Round "7"]
[White "Moroni, Luca Jr"]
[Black "Janzelj, Tim"]
[Result "1/2-1/2"]
[WhiteElo "2549"]
[BlackElo "2410"]
[Annotator "TA"]
[PlyCount "74"]
[EventDate "2018.05.31"]
[EventType "team-tourn"]
[EventCountry "ITA"]
[SourceTitle "playchess.com"]
[Source "ChessBase"]
[SourceQuality "1"]
[WhiteTeam "Italy"]
[BlackTeam "Slovenia"]
[WhiteTeamCountry "ITA"]
[BlackTeamCountry "SLO"]

{[%evp 23,74,43,53,32,34,30,39,7,3,8,0,0,0,0,0,-19,-24,-4,-8,-86,-76,-112,-103,-95,0,0,0,0,0,0,46,0,0,0,0,0,0,0,0,0,0,0,0,0,0,0,0,0,0,0,0,0,0]} 1. c4 Nf6 2. Nc3 g6 3. g3 Bg7 4. Bg2 O-O 5. d4 d6 6. Nf3 a6 7. O-O Nc6 8. b3 Rb8 9. d5 Na5 {E63: King's Indian: Fianchetto: Panno Variation with 7...a6} 10. Bg5 c5 11. dxc6 Nxc6 12. Rc1 h6 {LiveBook: 4 Games} 13. Bf4 $146 ({Predecessor:} 13. Be3 Bf5 14. Nd5 Kh7 15. Nh4 Be6 16. Qd2 Re8 17. Bb6 {1-0 (44) Bok,B (2592)-Jones,G (2635) Baku 2016}) 13... e5 14. Bd2 Be6 15. e4 b5 16. cxb5 axb5 17. Nxb5 Rxb5 18. Rxc6 Nxe4 19. Nd4 Bd5 20. Nxb5 Bxc6 21. Na7 (21. a4 $11) 21... Ba8 $17 22. Be3 Nc3 23. Qd2 {[#]} Bxg2 ({Black should play} 23... e4 $1 $17 24. Rc1 (24. Bxh6 Bxh6 25. Qxh6 d5 $15) 24... Qf6) 24. Kxg2 $11 Qa8+ 25. Kg1 $1 Nd5 26. Nb5 Rd8 27. Bxh6 (27. Rd1 $5 {[%cal Rd2d5]} Nxe3 28. fxe3 $11) 27... Bxh6 {The position is equal.} 28. Qxh6 Qxa2 29. Qh4 Rd7 $1 30. Rc1 {[#] Intending Rc8+ and mate.} Ne7 31. Qf6 Qb2 32. Rc4 $36 {[%mdl 2048] White has some pressure.} Qxb3 33. Rh4 $1 {[%csl Gf6][%cal Rh4h8]} Qd1+ 34. Kg2 {[%csl Gf6][%cal Rh4h8]} Qd5+ 35. Kg1 {[%csl Gf6][%cal Rh4h8]} Qd1+ 36. Kg2 {[%csl Gf6][%cal Rh4h8]} Qd5+ 37. Kg1 {[%csl Gf6][%cal Rh4h8]} Qd1+ {Precision: White = 41%, Black = 83%.} 1/2-1/2

[Event "36th Mitropa Cup Open 2018"]
[Site "Isola Capo Rizzuto"]
[Date "2018.06.07"]
[Round "7"]
[White "Jovanovic, Zoran"]
[Black "Vykouk, Jan"]
[Result "1-0"]
[WhiteElo "2546"]
[BlackElo "2423"]
[Annotator "TA"]
[PlyCount "91"]
[EventDate "2018.05.31"]
[EventType "team-tourn"]
[EventCountry "ITA"]
[SourceTitle "playchess.com"]
[Source "ChessBase"]
[SourceQuality "1"]
[WhiteTeam "Croatia"]
[BlackTeam "Czech Republic"]
[WhiteTeamCountry "CRO"]
[BlackTeamCountry "CZE"]

{[%evp 17,91,37,42,20,46,0,35,27,11,25,26,0,41,-1,34,36,27,29,33,45,34,16,34,34,30,29,28,30,42,15,17,17,18,0,46,37,115,115,161,156,194,194,183,198,183,150,137,164,149,118,103,108,97,76,83,73,73,73,80,72,139,151,226,220,214,216,1366,1353,1302,1200,29973,29974,29974,29975,29949,9984]} 1. e4 c5 2. Nc3 Nc6 3. Bb5 g6 4. Bxc6 bxc6 5. d3 Bg7 6. f4 d6 7. Nf3 Nh6 8. O-O f5 9. Qe1 O-O {LiveBook: 14 Games} 10. h3 {B23: Closed Sicilian: Lines without g3} (10. e5 Rb8 11. b3 Nf7 12. Kh1 Be6 13. Rb1 Qd7 14. Bb2 Rfe8 15. Na4 Bd5 16. c4 Be6 17. Qe3 h6 18. Rbd1 Kh7 {0-1 (62) Jones,G (2556)-Bruzon Batista,L (2641) ICC INT 2010}) 10... Rb8 11. b3 $146 ({Predecessor:} 11. e5 Qe8 12. b3 Nf7 13. Na4 g5 {1-0 (28) Cherniaev,A (2446)-Suarez Roa,J (2207) Brighton 2011}) 11... c4 12. exf5 {White is slightly better.} cxb3 13. axb3 {Hoping for fxg6.} Nxf5 14. Bb2 Qb6+ 15. Kh1 Qe3 16. g4 Qxe1 17. Rfxe1 Nd4 18. Nxd4 Bxd4 19. Na4 c5 20. Bxd4 {And now Bc3 would win.} cxd4 21. Rxe7 {next Nb2 is good for White.} Rxf4 22. Kg1 $36 {[%mdl 2048] White fights for an advantage.} (22. Rxa7 Bb7+ 23. Kg1 Rf3 $17) 22... Bb7 {White should prevent ...Rf3.} 23. Rf1 Rxf1+ 24. Kxf1 $11 {[%mdl 4096] Endgame KRB-KRN} Rf8+ 25. Ke1 Rf7 26. Re6 Rd7 (26... Bg2 $14) 27. g5 $1 $16 Bd5 28. Rf6 Re7+ 29. Kd2 Re5 {[#]} 30. h4 $1 ({Don't do} 30. Rxd6 $6 Rxg5 31. Rd8+ Kg7 $16) 30... Be6 31. Rf4 Rd5 32. Nb2 Bf5 33. Nc4 h6 34. gxh6 Kh7 35. b4 Kxh6 36. Na5 g5 37. hxg5+ Kxg5 38. Rf1 a6 ({Better is} 38... Rb5) 39. Nc4 Be6 {[#]} (39... Bg4 $16 {might work better.} 40. Rf8 Rf5 41. Rg8+ Kh5) 40. Ra1 $1 $18 Rb5 41. Rxa6 {Ra5 is the strong threat.} ({But not} 41. Nxd6 $6 Rxb4 42. Rxa6 Kf4 $16) 41... Bxc4 $2 (41... Rxb4 42. Rxd6 Kf5 43. Rxd4 Kf6) 42. dxc4 {[%cal Bd3c4,Bc4d5][%mdl 32]} Rxb4 43. Kd3 d5 44. cxd5 {White mates.} Kf5 45. Re6 Ra4 46. Re8 {Precision: White = 56%, Black = 40%.} 1-0

[Event "36th Mitropa Cup Open 2018"]
[Site "Isola Capo Rizzuto"]
[Date "2018.06.07"]
[Round "7"]
[White "Repka, Christopher"]
[Black "Velten, Paul"]
[Result "1/2-1/2"]
[WhiteElo "2534"]
[BlackElo "2470"]
[Annotator "TA"]
[PlyCount "73"]
[EventDate "2018.05.31"]
[EventType "team-tourn"]
[EventCountry "ITA"]
[SourceTitle "playchess.com"]
[Source "ChessBase"]
[SourceQuality "1"]
[WhiteTeam "Slovakia"]
[BlackTeam "France"]
[WhiteTeamCountry "SVK"]
[BlackTeamCountry "FRA"]

{[%evp 18,73,39,33,6,19,107,104,112,56,56,64,101,84,103,85,77,87,108,116,116,115,139,152,154,139,152,32,39,39,44,44,85,75,68,67,78,76,74,0,0,-81,-6,-4,-14,-6,0,0,0,0,0,0,0,0,0,0,0,0]} 1. e4 e6 2. d4 d5 3. Nc3 dxe4 4. Nxe4 Nd7 5. Nf3 Ngf6 6. Nxf6+ Nxf6 7. Bb5+ c6 8. Bd3 c5 9. Be3 Nd5 {C10: Französische Verteidigung (Rubinstein-Variante)} (9... Qc7 10. Qe2 a6 11. O-O b6 12. c4 cxd4 13. Bxd4 Bb7 14. Ne5 Bc5 15. Bc3 Rd8 16. Rad1 Bd4 17. Bxd4 Rxd4 {½-½ (53) Wei,Y (2739)-Ivanchuk,V (2729) Medias 2017}) 10. Ne5 {LiveBook: 6 Partien} a6 11. O-O {Schwarz sollte c4 verhindern.} Qc7 (11... g6 $11) 12. c4 $16 Nf6 13. Qa4+ $146 ({Lieber} 13. b4 $16) ({Vorgänger:} 13. Bc2 Bd6 14. f4 Bd7 15. Nxd7 Nxd7 16. b4 cxd4 17. Bxd4 O-O 18. Bxh7+ Kxh7 19. Qh5+ Kg8 20. Bxg7 Kxg7 21. Qg5+ {1-0 (20) Kaber,C (2134)-Weiss,F (2042) Luxembourg 2013}) 13... Nd7 $14 14. b4 {Schwarz muss nun Lf4 beachten.} cxd4 15. Bxd4 Bd6 {[#]} 16. Nf3 $1 $36 {[%mdl 2048] Schwarz muss aufpassen.} O-O 17. Qc2 g6 18. c5 Be7 19. Qc3 Qd8 20. Rad1 Bf6 21. Be4 Qe7 22. c6 (22. Ne5 $16 {Droht Sxd7 und aus.} Bxe5 23. Bxe5 Nxe5 24. Qxe5) 22... bxc6 23. Bxc6 Ra7 $1 24. a4 Rc7 25. b5 {zielt auf Da5 ab.} axb5 26. axb5 {Da5 ist eine echte Drohung.} Bxd4 27. Qxd4 ({Natürlich nicht} 27. Rxd4 Bb7 $11) 27... Nb8 28. Qb6 (28. Be4 $16) 28... Bb7 $1 $11 29. Ne5 {[#]} (29. Bxb7 $1 $11 {hält das Gleichgewicht.} Rxb7 30. Qa5) 29... Rfc8 (29... Bxc6 $1 $17 30. bxc6 (30. Nxc6 Nxc6 31. bxc6 Rfc8 $17) 30... Rfc8) 30. Bxb7 {Die Stellung ist ausgeglichen.} Rxb7 31. Qa5 Rc5 32. Rd8+ Kg7 33. Rxb8 Rxb8 34. Nc6 Rbxb5 35. Qxb5 (35. Nxe7 $2 {verliert.} Rxa5 36. f3 Rc7 $19) 35... Rxb5 36. Nxe7 {Und weiter mit Tc1 wäre nett.} Rc5 $1 37. h4 {Precision: Weiß = 66%, Schwarz = 66%.} 1/2-1/2

[Event "36th Mitropa Cup Open 2018"]
[Site "Isola Capo Rizzuto"]
[Date "2018.06.07"]
[Round "7"]
[White "Kantor, Gergely"]
[Black "Studer, Noel"]
[Result "1/2-1/2"]
[WhiteElo "2522"]
[BlackElo "2475"]
[Annotator "TA"]
[PlyCount "32"]
[EventDate "2018.05.31"]
[EventType "team-tourn"]
[EventCountry "ITA"]
[SourceTitle "playchess.com"]
[Source "ChessBase"]
[SourceQuality "1"]
[WhiteTeam "Hungary"]
[BlackTeam "Switzerland"]
[WhiteTeamCountry "HUN"]
[BlackTeamCountry "SUI"]

{[%evp 22,32,14,5,21,0,19,0,5,0,20,0,9]} 1. d4 d5 2. c4 dxc4 3. e4 Nf6 4. e5 Nd5 5. Bxc4 Bf5 6. Ne2 e6 7. O-O Nb6 8. Bb3 Nc6 9. Nbc3 Qd7 {D20: Angenommenes Damengambit} 10. Be3 O-O-O (10... Nb4 11. Nf4 N4d5 12. Ncxd5 Nxd5 13. Qf3 c6 14. Nxd5 cxd5 15. Qg3 Bg6 16. h4 Be7 17. Rfc1 {½-½ (38) Duda,J (2707)-Laznicka,V (2664) Linares 2017}) 11. Qc1 Kb8 12. Rd1 {LiveBook: 9 Partien. Die Stellung ist ausgeglichen.} Qe8 13. Ng3 Bg6 14. Nge4 Bf5 $146 ({Vorgänger:} 14... Be7 15. f3 h5 16. Bf2 h4 17. h3 {½-½ (45) Rawlings,A (2346)-Volodarsky,Y (2343) ICCF email 2016}) 15. Ng3 Bg6 16. Nge4 Bf5 1/2-1/2

[Event "36th Mitropa Cup Open 2018"]
[Site "Isola Capo Rizzuto"]
[Date "2018.06.07"]
[Round "7"]
[White "Nagy, Gabor"]
[Black "Baenziger, Fabian"]
[Result "1/2-1/2"]
[WhiteElo "2472"]
[BlackElo "2367"]
[Annotator "TA"]
[PlyCount "91"]
[EventDate "2018.05.31"]
[EventType "team-tourn"]
[EventCountry "ITA"]
[SourceTitle "playchess.com"]
[Source "ChessBase"]
[SourceQuality "1"]
[WhiteTeam "Hungary"]
[BlackTeam "Switzerland"]
[WhiteTeamCountry "HUN"]
[BlackTeamCountry "SUI"]

{[%evp 20,91,18,18,47,53,63,66,65,49,60,58,70,29,35,20,29,34,37,-33,19,0,0,0,66,0,34,30,20,20,20,13,87,62,63,60,64,47,43,51,87,81,98,96,79,102,175,167,174,177,186,177,189,199,175,58,53,0,0,0,0,0,0,0,0,0,0,0,0,0,0,0,0,0]} 1. e4 c5 2. Nf3 d6 3. d4 cxd4 4. Nxd4 Nf6 5. Nc3 Nc6 6. Bc4 e6 7. Be3 a6 8. Bb3 Bd7 9. O-O Be7 10. f4 O-O 11. f5 {[%cal Rf5e6] LiveBook: 10 Partien} e5 {B88: Sizilianisch (Sosin-Angriff)} 12. Nde2 (12. Nxc6 Bxc6 13. Qf3 b5 14. Bg5 Rc8 15. Bxf6 Bxf6 16. Rfd1 a5 17. a4 b4 18. Nd5 Bb7 19. g3 Rc5 {0-1 (19) Lowrance,W (2537)-Rada,H (2508) FICGS email 2010}) 12... Ng4 13. Qd2 Nxe3 {Weiß steht etwas besser.} 14. Qxe3 Bf6 $146 ({Vorgänger:} 14... Bg5 15. Qf2 Rc8 16. Rad1 Na5 17. Rxd6 Nxb3 18. axb3 Qc7 19. Rfd1 {1-0 (53) Vehlow,B (2236)-Neumann,A (2049) Remote email 2012}) 15. Nd5 Nd4 16. Ng3 Bg5 17. Qf2 Bb5 18. Rfe1 Bc6 19. Red1 (19. Rad1 $14) 19... Bh4 (19... Bxd5 $1 $15 20. exd5 Bh4) 20. Rd3 {[%cal Bd1d3,Bd3e3,Be3e1][%mdl 32]} Bb5 21. Re3 Bg5 (21... Bc6 $11) 22. Ree1 (22. f6 $5) 22... Bc6 23. Rad1 a5 24. Bc4 b5 25. Bf1 Rb8 (25... Bh4 $11) 26. c3 $36 {[%mdl 2048] Weiss drückt.} Ne6 $1 27. f6 $1 {[#] Schwarz muss nun Se7+ beachten.} Bxd5 28. fxg7 ({Ein No Go ist} 28. Rxd5 $6 g6 $11) 28... Nxg7 29. Rxd5 Bh4 {Weiss sollte ...f5! verhindern.} 30. Qf3 Bxg3 31. Qxg3 f5 32. exf5 {Und weiter mit Texe5! wäre nett.} ({Vergiftet wäre} 32. Rxb5 $2 Rxb5 33. Bxb5 Qb6+ 34. Qe3 Qxb5 $19) 32... Rxf5 (32... Kh8 $16 {ist eine bessere Verteidigung.}) 33. Bd3 $18 Rg5 34. Qh3 Rh5 35. Qg4 Qb6+ 36. Kh1 Rf8 {beabsichtigt ...Df2.} 37. Rxb5 (37. h3 $18) 37... Qf2 $1 $14 {[%cal Rf2e1]} 38. Qc4+ (38. Ra1 $14 Rh4 39. Qg5) 38... d5 $1 $11 {Die Stellung ist ausgeglichen.} 39. Qxd5+ Kh8 40. Qe4 {[#] h3 ist eine echte Drohung.} Qg3 {[%csl Gh5][%cal Rg3h2]} 41. h3 Rxh3+ $1 42. gxh3 Qxh3+ 43. Kg1 Qg3+ 44. Kh1 {[%csl Gd3][%cal Re4h7]} Qh3+ 45. Kg1 Qg3+ 46. Kh1 {Precision: Weiß = 58%, Schwarz = 50%.} 1/2-1/2

[Event "36th Mitropa Cup Open 2018"]
[Site "Isola Capo Rizzuto"]
[Date "2018.06.07"]
[Round "7"]
[White "Vogel, Roven"]
[Black "Blohberger, Felix"]
[Result "1/2-1/2"]
[WhiteElo "2467"]
[BlackElo "2427"]
[Annotator "TA"]
[PlyCount "113"]
[EventDate "2018.05.31"]
[EventType "team-tourn"]
[EventCountry "ITA"]
[SourceTitle "playchess.com"]
[Source "ChessBase"]
[SourceQuality "1"]
[WhiteTeam "Germany"]
[BlackTeam "Austria"]
[WhiteTeamCountry "GER"]
[BlackTeamCountry "AUT"]

{[%evp 13,113,56,77,34,31,27,70,65,64,69,73,54,52,59,66,55,39,38,30,29,71,0,0,3,8,-152,-126,-129,-119,-222,-205,-217,-220,-189,-179,-175,-169,-176,-173,-172,-95,-111,-118,-99,-31,-28,41,42,40,-152,-152,-152,-152,-141,-146,-269,0,0,0,0,0,0,0,0,78,78,78,74,74,74,74,74,91,74,97,97,106,106,106,97,106,59,106,59,106,97,97,97,97,0,97,97,97,74,97,97,97,74,97,97,97,86]} 1. d4 Nf6 2. c4 e6 3. Nc3 Bb4 4. e3 O-O 5. Bd3 d6 6. Nge2 e5 7. O-O Nc6 {LiveBook: 7 Games} 8. a3 {E47: Nimzo-Indian: Rubinstein: 5 Bd3 without ...d5} (8. d5 Ne7 9. e4 a5 10. Na4 Nd7 11. a3 Bc5 12. Nxc5 Nxc5 13. b3 f5 14. exf5 Bxf5 15. Bxf5 Nxf5 {½-½ (36) Sagar,S (2441)-Dzagnidze,N (2559) Doha 2015}) 8... Bxc3 9. Nxc3 a5 10. d5 {White is slightly better.} Ne7 11. e4 {[%cal Be3e4,Be4e5][%mdl 32]} Nd7 $146 ({Predecessor:} 11... Ng6 12. g3 h6 13. Bd2 Bh3 14. Re1 Re8 15. Qe2 Qc8 {1-0 (54) Ludvik,T (2095)-Grecny,K (1926) Ricany 2017}) 12. Bc2 Nb6 13. Qe2 Ng6 14. Be3 Nf4 15. Bxf4 exf4 16. e5 Re8 17. Qd3 (17. e6 $1 $16 g6 18. exf7+ Kxf7 19. Qf3) 17... g6 $11 18. exd6 {aiming for c5.} Bf5 19. Qd4 $2 (19. Qd2 $11 Nxc4 20. Qxf4 Nxd6 21. Bxf5) 19... Bxc2 $17 20. dxc7 Qxc7 21. d6 (21. Rac1 $17 Bb3 22. Nb5) 21... Qc6 $19 (21... Qxc4 22. Qxb6 Qc6 23. Qxc6 $11) 22. c5 Nd7 23. Nd5 Bb3 (23... Qxc5 24. Nf6+ Kh8 25. Qxc5 $16) 24. Ne7+ {[#]} Rxe7 $1 25. dxe7 Re8 (25... Nxc5 26. Rfc1 $15) 26. Rfe1 Be6 ({Black should play} 26... Nxc5 $19 27. Rac1 b6) 27. b4 $17 {[#]} f3 $1 28. Qd6 fxg2 ({Black should try} 28... axb4 $17 29. axb4 Nf6) 29. Rad1 $15 Nf6 (29... axb4 $11 30. axb4 Nf6) 30. Qxc6 $14 bxc6 31. Rd6 $2 (31. Rd8 $14 {was forced to keep a grip.} axb4 32. Red1 bxa3 33. Rxe8+ Nxe8 34. Rd8) 31... axb4 $17 ({Resist} 31... Rxe7 32. Rxc6 Nd5 33. b5 $17) 32. axb4 Rxe7 33. Rxc6 Nd5 34. Rd6 {[#]} (34. b5 $17 {might work better.} Nf4 35. Rcxe6 Rxe6 36. Re3) 34... Nxb4 $2 (34... Nf4 $1 $19 {( -> ...Bd5)} 35. Re3 Ra7) 35. Re4 $1 $11 {[%cal Re4b4]} Na2 {White must now prevent ...Rc7.} 36. c6 $1 {Threatens to win with Rexe6!} Nc3 37. Rd8+ $1 Kg7 {[#]} 38. Rxe6 $1 {[%mdl 512]} Rxe6 {[%mdl 4096] Endgame KRN-KR} (38... fxe6 $11 {remains equal.} 39. Rd7 Nd5) 39. c7 $16 Rc6 40. c8=Q Rxc8 41. Rxc8 {KR-KN} Nd5 42. Kxg2 Ne7 43. Ra8 Nf5 44. Kf3 Kf6 45. Kf4 Kg7 46. Ke5 Nh4 47. Ra3 Nf5 48. Rf3 Nh6 49. h3 Ng8 50. Rf4 Ne7 51. Rf3 Ng8 $1 52. Ra3 {White is better.} Ne7 53. Ke4 Nf5 54. Rd3 Ne7 55. Rf3 Ng8 56. Ke5 Ne7 57. Ra3 {Precision: White = 44%, Black = 50%.} 1/2-1/2

[Event "36th Mitropa Cup Open 2018"]
[Site "Isola Capo Rizzuto"]
[Date "2018.06.07"]
[Round "7"]
[White "Guidarelli, Laurent"]
[Black "Haring, Filip"]
[Result "1-0"]
[WhiteElo "2464"]
[BlackElo "2344"]
[Annotator "TA"]
[PlyCount "97"]
[EventDate "2018.05.31"]
[EventType "team-tourn"]
[EventCountry "ITA"]
[SourceTitle "playchess.com"]
[Source "ChessBase"]
[SourceQuality "1"]
[WhiteTeam "France"]
[BlackTeam "Slovakia"]
[WhiteTeamCountry "FRA"]
[BlackTeamCountry "SVK"]

{[%evp 19,97,12,45,-8,52,3,54,60,60,60,70,82,85,67,83,33,27,36,65,71,70,78,65,73,143,135,139,140,224,227,214,165,160,159,155,155,165,145,145,145,145,145,156,154,157,151,173,164,164,157,169,155,227,211,204,209,287,265,316,298,395,389,395,379,498,494,679,670,660,641,586,581,818,801,791,832,805,774,871,831]} 1. d4 Nf6 2. c4 e6 3. Nf3 d5 4. Nc3 Nbd7 5. cxd5 exd5 6. Bg5 c6 7. e3 Be7 8. Qc2 O-O 9. Bd3 h6 10. Bf4 Re8 11. g4 {D36: Queen's Gambit Declined: Exchange Variation: Main line (5 Bg5 c6 6 Qc2)} (11. O-O $14) 11... Ne4 (11... Nf8 $11) 12. Rg1 $146 ({Much weaker is} 12. Nxe4 dxe4 13. Bxe4 Nf6 $11) ({Predecessor:} 12. O-O-O Nxc3 13. Qxc3 Nf6 14. h3 Ne4 15. Qc2 Bh4 16. Rdf1 Be6 17. Nxh4 Qxh4 18. f3 g5 {1-0 (40) Shahtahtinsky,A (2342)-Kokkoris,H (2310) Athens 2001}) 12... Nf8 (12... Ndf6 $11) 13. Nxe4 $14 {White is slightly better.} dxe4 14. Bxe4 g5 15. Bg3 Bb4+ 16. Kf1 Bxg4 17. Be5 Bxf3 $1 18. Bxf3 {And now h4 would win.} Bd6 19. Bxd6 Qxd6 20. h4 $36 {[%mdl 2048] Keeping Black busy.} Qf6 21. Rg3 Re7 (21... Ne6 $142) 22. hxg5 $16 hxg5 23. Kg2 Kg7 (23... Ng6 $16) 24. Rh1 $18 Ng6 25. Qc5 Rh8 26. Qxg5 Rxh1 27. Kxh1 Re8 28. Qxf6+ Kxf6 {[%mdl 4096] Endgame KRB-KRN} 29. Rh3 Ne7 30. Rh6+ Ng6 31. Kg2 Kg7 32. Rh5 Kf6 33. Kf1 Ne7 34. Be4 Ke6 35. Bd3 b5 (35... Kf6 $16 36. Ke2 Nd5) 36. Bc2 Rf8 37. Ke2 Nd5 38. Rh6+ f6 39. e4 Ne7 40. f4 {[%cal Bf2f4,Bf4f5][%mdl 32]} Kd7 41. Bb3 a5 42. f5 {White is clearly winning.} c5 43. dxc5 Kc6 44. Rh7 Re8 45. Be6 a4 46. a3 Kxc5 47. Bd7 Rd8 48. Rxe7 Kd6 49. Rf7 {Precision: White = 70%, Black = 32%.} 1-0

[Event "36th Mitropa Cup Open 2018"]
[Site "Isola Capo Rizzuto"]
[Date "2018.06.07"]
[Round "7"]
[White "Cernousek, Lukas"]
[Black "Srbis, Jurica"]
[Result "0-1"]
[WhiteElo "2462"]
[BlackElo "2416"]
[Annotator "TA"]
[PlyCount "76"]
[EventDate "2018.05.31"]
[EventType "team-tourn"]
[EventCountry "ITA"]
[SourceTitle "playchess.com"]
[Source "ChessBase"]
[SourceQuality "1"]
[WhiteTeam "Czech Republic"]
[BlackTeam "Croatia"]
[WhiteTeamCountry "CZE"]
[BlackTeamCountry "CRO"]

{[%evp 20,76,39,39,41,44,41,35,59,39,36,22,40,-2,0,-19,-4,-22,-18,-33,0,0,11,0,0,0,0,0,0,-18,-10,-14,0,0,0,0,0,0,0,-45,-61,-316,-322,-317,-318,-309,-313,-391,-385,-337,-162,-158,-162,-2324,-2311,-29990,-29990,-29991,-624]} 1. e4 e5 2. Nf3 Nc6 3. Bb5 a6 4. Ba4 d6 5. c3 {[%cal Bc2c3,Bc3c4][%mdl 32]} Bd7 6. O-O g6 7. d4 Bg7 8. d5 Nce7 9. Bxd7+ Qxd7 10. c4 Nf6 {[%cal Bg8f6,Bf6h5,Bh5f4][%mdl 32]} 11. Nc3 {LiveBook: 25 Games. C76: Ruy Lopez: Deferred Steinitz: 5 c3 Bd7 6 d4 g6} Nh5 (11... O-O 12. c5 Nh5 13. cxd6 cxd6 14. Be3 Rac8 15. Na4 Qb5 16. Nb6 Rcd8 17. Rc1 Nc8 18. a4 Qe8 19. Qb3 Nxb6 20. Bxb6 {0-1 (71) Svidler,P (2732)-Kamsky,G (2714) Khanty-Mansiysk 2007}) 12. Be3 O-O 13. c5 {White is slightly better.} h6 $146 ({Predecessor:} 13... dxc5 14. Bxc5 Rfe8 15. Qa4 Qxa4 16. Nxa4 f5 17. Nc3 fxe4 18. Ng5 Nf6 19. Bxe7 Rxe7 20. Ngxe4 Nxe4 21. Nxe4 {1-0 (66) Polgar,J (2550)-Lazic,M (2495) Dortmund 1990}) 14. cxd6 cxd6 15. Na4 {And now Nb6 would win.} Nc8 16. Bb6 Nf4 17. Nd2 f5 18. f3 Qb5 19. Bf2 Bf6 20. b3 Qe8 21. Nc4 b5 22. Nab6 Nxb6 23. Nxb6 Rb8 {[%cal Ba8b8,Bb8b7,Bb7f7][%mdl 32] White must now prevent ...fxe4.} 24. a4 Bd8 25. a5 Rb7 26. Be3 fxe4 27. fxe4 Rbf7 {aiming for ...Nh3+!} 28. Qd2 Bg5 29. Rfc1 Qe7 30. Rc8 $2 {[%mdl 8192]} (30. b4 $15) 30... Rxc8 $19 31. Nxc8 {[#]} Qd7 $1 {[%cal Rd7c8]} 32. Nb6 Qg4 33. Kh1 Ne2 34. h3 Qg3 ({Don't do} 34... Qxe4 35. Qxe2 Qxe3 36. Qxe3 $19) (34... Ng3+ $142 35. Kh2 Nxe4 36. hxg4 Nxd2 37. Bxg5 hxg5) 35. Qxe2 {Strongly threatening Bxg5.} (35. Bxg5 {gets mated.} Rf2 36. Rg1 {[#]} Rxg2 $1 {[%mdl 512]} 37. Rxg2 Qxh3+ 38. Rh2 Qf1#) 35... Bxe3 $40 {[%mdl 128] Black goes for the king.} 36. Rf1 $2 (36. Qg4 Qxg4 37. hxg4) 36... Bf4 {[%csl Gf4][%cal Rg3h2]} 37. Kg1 Qh2+ 38. Kf2 Bd2+ {Precision: White = 33%, Black = 58%.} 0-1